000 00545nam a2200193 a 4500
001 000998606
003 AM-YeHGA
005 20250617161423.0
008 140117s1948 r 000 0 rus d
040 _aAM-YeHGA
041 0 _arus
100 1 _aКипарисова, А.
245 1 0 _aТула /
_cА. Кипарисова.
260 _aМосква :
_bИзд-во АА СССР,
_c1948.
300 _a25 с.
440 0 _aСокровища русского зодчества
650 1 4 _aАрхитектура
090 _c474523
999 _c471266
_d471266